Mahathir di sebalik tabir

Bibliographic Details
Main Author: Zainuddin Maidin
Format: Book
Published: Kuala Lumpur : Utusan Publications & Distributors , 1994
Subjects:

MARC

LEADER 00000cam a2200000 7i4500
001 0000053197
005 20151019.0
008 151019
020 |a 9676104841 
020 |a 9789676104841 
090 0 0 |a 920   |b ZAI 
100 1 |a Zainuddin Maidin 
245 1 0 |a Mahathir di sebalik tabir   |c Zainuddin Maidin 
260 |a Kuala Lumpur :   |b Utusan Publications & Distributors ,   |c 1994 
300 |a 347pg. :   |b ill. 
650 0 |a Prime ministers   |x Malaysia   |x Biography 
999 |a 0000382349   |b Book   |c Adult Collection   |e Cawangan Tmn. Ungku Tun Aminah 
999 |a 0000382363   |b Book   |c Adult Collection   |e Cawangan Bandar Penawar